[Event "Bogota Superate Intercol Adv"]
[Site "Bogota"]
[Date "2014.10.24"]
[Round "5.8"]
[White "Gallego, Julian Andres"]
[Black "Perez, Jose Gabriel"]
[Result "1-0"]
[WhiteElo "1613"]
[BlackElo "1533"]
[PlyCount "181"]
[EventDate "2014.10.24"]
[EventType "swiss (blitz)"]
[EventRounds "8"]
[EventCountry "COL"]
[SourceTitle "EXT 2024"]
[Source "ChessBase"]
[SourceDate "2023.10.10"]
[SourceVersion "1"]
[SourceVersionDate "2023.10.10"]
[SourceQuality "1"]

1. d4 d5 2. c4 dxc4 3. Nc3 Be6 4. e4 c6 5. Nf3 Nf6 6. e5 Nd5 7. Bd2 Bg4 8. h3 Bh5 9. Bxc4 e6 10. Be2 h6 11. 0-0 Be7 12. Qc2 Bg6 13. Bd3 Bxd3 14. Qxd3 Nb4 15. Qe2 Nd5 16. Nxd5 cxd5 17. Qb5+ Qd7 18. Qd3 Nc6 19. Bc3 0-0 20. a3 a6 21. Rac1 Rac8 22. Rfd1 Na7 23. Kh2 Nb5 24. Bd2 Rxc1 25. Rxc1 Rc8 26. Bc3 Nxc3 27. Rxc3 Rxc3 28. Qxc3 Qc6 29. Qxc6 bxc6 30. Kg1 Kf8 31. Kf1 Ke8 32. Ke2 Kd7 33. Kd3 Kc7 34. Kc3 Kb6 35. Kb3 Kb5 36. a4+ Ka5 37. Ne1 Bg5 38. Nd3 Be7 39. g4 Kb6 40. Ka2 c5 41. dxc5+ Bxc5 42. f3 Be7 43. b4 a5 44. b5 g6 45. Kb3 h5 46. Nf2 Bc5 47. Nd3 Be7 48. Nf4 Bg5 49. Nd3 Be7 50. f4 hxg4 51. hxg4 Bh4 52. Kc3 Bg3 53. Kd2 Bh4 54. Ke2 Be7 55. Kf3 Kc7 56. Kg3 Kb6 57. Kf3 Ba3 58. Kg3 Be7 59. Kh3 Kc7 60. Nf2 Kb6 61. Nd3 Kc7 62. Nf2 Kb6 63. g5 Kc5 64. Ng4 Kb4 65. Nf6 Bd8 66. Nd7 Kxa4 67. b6 Bc7 68. bxc7 d4 69. c8Q Kb4 70. Qb7+ Kc3 71. Qc6+ Kd3 72. Qb5+ Ke3 73. Qxa5 d3 74. Qe1+ Kxf4 75. Kh4 d2 76. Qxd2+ Kf5 77. Qf2+ Ke4 78. Qe2+ Kf5 79. Qd3+ Kf4 80. Qg3+ Ke4 81. Kg4 f6 82. gxf6 g5 83. Kxg5 Kd5 84. Kf4 Kc6 85. Qd3 Kc7 86. Nf8 Kc6 87. Nxe6 Kb6 88. f7 Ka7 89. Qb5 Ka8 90. f8Q+ Ka7 91. Qfb8# 1-0

[Event "Bogota Superate Intercol Adv"]
[Site "Bogota"]
[Date "2014.10.24"]
[Round "2.12"]
[White "Perez, Jose Gabriel"]
[Black "Castro Gomez, Sebastian Jose"]
[Result "1-0"]
[WhiteElo "1533"]
[BlackElo "1371"]
[PlyCount "87"]
[EventDate "2014.10.24"]
[EventType "swiss (blitz)"]
[EventRounds "8"]
[EventCountry "COL"]
[SourceTitle "EXT 2024"]
[Source "ChessBase"]
[SourceDate "2023.10.10"]
[SourceVersion "1"]
[SourceVersionDate "2023.10.10"]
[SourceQuality "1"]

1. e4 e5 2. Nf3 a6 3. Bc4 Nc6 4. Nc3 d6 5. Ng5 Be6 6. Bxe6 fxe6 7. Nf3 d5 8. exd5 exd5 9. 0-0 d4 10. Ne2 e4 11. Ne1 e3 12. dxe3 dxe3 13. Qxd8+ Rxd8 14. Bxe3 Nf6 15. Nf3 Bd6 16. Rfd1 0-0 17. Bg5 Ne7 18. Rd3 Nf5 19. Bxf6 Rxf6 20. Rad1 Nh6 21. h3 Nf7 22. Nf4 g5 23. Nd5 Re6 24. Kf1 Ne5 25. Nxe5 Bxe5 26. Ne7+ Kf7 27. Rxd8 Kxe7 28. R8d7+ Kf6 29. Rxh7 Kg6 30. Rhd7 Bd6 31. Re1 Rf6 32. Rd8 Kf7 33. Rh8 g4 34. hxg4 Kg7 35. Rhe8 Bc5 36. f3 Rd6 37. R8e7+ Kf6 38. R7e2 Kg5 39. Re5+ Kf4 40. Rxc5 Kg3 41. Rh5 Rd2 42. Re4 Rf2+ 43. Ke1 Kxg2 44. Re2 1-0

[Event "Bogota Superate Intercol Adv"]
[Site "Bogota"]
[Date "2014.10.24"]
[Round "3.7"]
[White "Rengifo Jaramillo, David"]
[Black "Perez, Jose Gabriel"]
[Result "1-0"]
[WhiteElo "1736"]
[BlackElo "1533"]
[PlyCount "119"]
[EventDate "2014.10.24"]
[EventType "swiss (blitz)"]
[EventRounds "8"]
[EventCountry "COL"]
[SourceTitle "EXT 2024"]
[Source "ChessBase"]
[SourceDate "2023.10.10"]
[SourceVersion "1"]
[SourceVersionDate "2023.10.10"]
[SourceQuality "1"]

1. e4 e5 2. Nf3 Nc6 3. Bb5 d6 4. 0-0 Bd7 5. c3 Nf6 6. d3 Be7 7. Nbd2 a6 8. Ba4 0-0 9. Re1 Na7 10. Nf1 Qe8 11. Bb3 c5 12. Ng3 Bg4 13. h3 Be6 14. Bc2 Nc6 15. Qe2 Qd7 16. Kh2 Rfd8 17. Nh4 Ne8 18. Nhf5 Bxf5 19. Nxf5 Qe6 20. Nxe7+ Qxe7 21. f4 f6 22. f5 Nc7 23. Qg4 Qf7 24. Be3 Kf8 25. Bb3 Qe7 26. Qh5 h6 27. Rf1 Na5 28. Bf7 Qxf7 29. Qxf7+ Kxf7 30. d4 cxd4 31. cxd4 b5 32. dxe5 dxe5 33. Bb6 Rab8 34. Bxc7 Rdc8 35. Bxa5 Rb7 36. Rac1 Rxc1 37. Rxc1 Ke8 38. Rc6 Ra7 39. Rc7 Rxc7 40. Bxc7 Kd7 41. Bb6 Ke8 42. g4 Kf7 43. h4 g6 44. fxg6+ Kxg6 45. Kg3 h5 46. gxh5+ Kxh5 47. Bd8 Kg6 48. Kg4 f5+ 49. exf5+ Kf7 50. h5 e4 51. Kf4 Ke8 52. h6 Kf7 53. f6 Kg6 54. Kxe4 Kxh6 55. Ke5 Kg6 56. Ke6 a5 57. f7 b4 58. f8Q a4 59. Qg8+ Kh5 60. Qg5# 1-0

[Event "Bogota Superate Intercol Adv"]
[Site "Bogota"]
[Date "2014.10.23"]
[Round "6.12"]
[White "Perez, Jose Gabriel"]
[Black "Martinez, Santiago2222"]
[Result "0-1"]
[WhiteElo "1533"]
[BlackElo "1410"]
[PlyCount "114"]
[EventDate "2014.10.23"]
[EventType "swiss (rapid)"]
[EventRounds "6"]
[EventCountry "COL"]
[SourceTitle "EXT 2024"]
[Source "ChessBase"]
[SourceDate "2023.10.10"]
[SourceVersion "1"]
[SourceVersionDate "2023.10.10"]
[SourceQuality "1"]

1. e4 c5 2. d3 Nf6 3. Nf3 Nc6 4. Be3 b6 5. Be2 Qc7 6. Nc3 e6 7. Qd2 Be7 8. h3 d5 9. exd5 Nxd5 10. Nxd5 exd5 11. Bf4 Qd8 12. 0-0 0-0 13. Bg5 Re8 14. Bxe7 Rxe7 15. Rfe1 Bf5 16. Nh2 Qd6 17. Bg4 Bxg4 18. Nxg4 Rae8 19. Rxe7 Rxe7 20. Re1 Qd7 21. Rxe7 Qxe7 22. Qe3 Qxe3 23. Nxe3 Nb4 24. a3 d4 25. c3 dxe3 26. fxe3 Nc2 27. d4 Nxe3 28. dxc5 bxc5 29. Kf2 Nd1+ 30. Ke2 Nxb2 31. Kd2 Nc4+ 32. Kd3 Nxa3 33. Ke4 a5 34. Kd5 c4 35. Kc5 h5 36. Kd4 g5 37. Ke3 Kg7 38. Kd2 Nb1+ 39. Kc2 Na3+ 40. Kb2 Nb5 41. Kc2 f5 42. Kd2 Kg6 43. Ke3 Nxc3 44. Kd4 g4 45. Kxc3 gxh3 46. gxh3 f4 47. Kxc4 f3 48. Kd3 a4 49. Ke3 a3 50. Kxf3 a2 51. Kf4 a1Q 52. Kg3 Kg5 53. Kh2 Qa3 54. Kg1 Qb2 55. Kh1 Kf4 56. Kg1 Kg3 57. Kf1 Qf2# 0-1